01685nam a22003974a 4500001001200000003000800012006001900020007001500039008004100054010001700095016002000112020003900132020003600171040002100207035002100228050002400249082001700273245018700290260004900477300002500526490004700551504005100598533015200649650004500801650004400846650004200890650003900932650003300971650002001004655002901024700002601053710001701079830004801096856012601144999001701270ebr10226883CaPaEBRm u cr cn|||||||||070402s2008 njua sb 001 0 eng  z 20070136847 z1013034852DNLM z9780471947530 (cloth : alk. paper) z0471947539 (cloth : alk. paper) aCaPaEBRcCaPaEBR a(OCoLC)64674319414aR853.S7bS73 2008eb04a610.72/722200aStatistical advances in the biomedical sciencesh[electronic resource] :bclinical trials, epidemiology, survival analysis, and bioinformatics /cedited by Atanu Biswas ... [et al.]. aHoboken, N.J. :bWiley-Interscience,cc2008. axxix, 582 p. :bill.1 aWiley series in probability and statistics aIncludes bibliographical references and index. aElectronic reproduction.bPalo Alto, Calif. :cebrary,d2013.nAvailable via World Wide Web.nAccess may be limited to ebrary affiliated libraries. 0aMedicinexResearchxStatistical methods. 0aBiologyxResearchxStatistical methods. 0aClinical trialsxStatistical methods. 0aEpidemiologyxStatistical methods. 0aSurvival analysis (Biometry) 0aBioinformatics. 7aElectronic books.2local1 aBiswas, Atanu,d1970-2 aebrary, Inc. 0aWiley series in probability and statistics.40uhttp://site.ebrary.com/lib/rucke/Doc?id=10226883zAn electronic book accessible through the World Wide Web; click to view c28800d28800